María /
Guardado en:
| Autor Principal: | |
|---|---|
| Formato: | Libro |
| Publicado: |
Argentina :
Kapelusz,
1967
|
| Edición: | 2a. ed. |
| Materias: | |
| Etiquetas: |
Agregar Etiqueta
Sin Etiquetas, Sea el primero en etiquetar este registro!
|
| LEADER | 01417nam a22003375a 4500 | ||
|---|---|---|---|
| 001 | CEM.cems003423 | ||
| 005 | 19000101000000.0 | ||
| 008 | 130507s1967##################000#0#####d | ||
| 003 | CEMS | ||
| 082 | 0 | 4 | |a C863.2 |
| 100 | 1 | |a Isaacs, Jorge | |
| 245 | 1 | 0 | |a María / |c Jorge Isaacs |
| 250 | |a 2a. ed. | ||
| 260 | |a Argentina : |b Kapelusz, |c 1967 | ||
| 300 | |a 265 p. | ||
| 653 | |a Literatura | ||
| 653 | |a Literatura hispanoamericana | ||
| 653 | |a Novela colombiana-1827-1888 | ||
| 653 | |a Novelas | ||
| 859 | |a CEMS |b BIB. CEMS - 11 de abril |h C863.2 |i Is1-1a2 |p 14432.75 |t Ej.1 | ||
| 859 | |a CEMS |b BIB. CEMS - 11 de abril |h C863.2 |i Is1-1a2 |p 14433.75 |t Ej.2 | ||
| 859 | |a CEMS |b BIB. CEMS - 11 de abril |h C863.2 |i Is1-1a2 |p 14434.75 |t Ej.3 | ||
| 859 | |a CEMS |b BIB. CEMS - 11 de abril |h C863.2 |i Is1-1a2 |p 7405.80 |t Ej.4 | ||
| 859 | |a CEMS |b BIB. CEMS - 11 de abril |h C863.2 |i Is1-1a2 |p 7406.80 |t Ej.5 | ||
| 859 | |a CEMS |b BIB. CEMS - 11 de abril |h C863.2 |i Is1-1a2 |p 7407.80 |t Ej.6 | ||
| 859 | |a CEMS |b BIB. CEMS - 11 de abril |h C863.2 |i Is1-1a2 |p 7408.80 |t Ej.7 | ||
| 859 | |a CEMS |b BIB. CEMS - 11 de abril |h C863.2 |i Is1-1a2 |p 7409.80 |t Ej.8 | ||
| 859 | |a CEMS |b BIB. CEMS - 11 de abril |h C863.2 |i Is1-1a2 |p 7410.80 |t Ej.9 | ||
| 859 | |a CEMS |b BIB. CEMS - 11 de abril |h C863.2 |i Is1-1a2 |p 7411.80 |t Ej.10 | ||
| 859 | |a CEMS |b BIB. CEMS - 11 de abril |h C863.2 |i Is1-1a2 |p 7412.80 |t Ej.11 | ||
| 859 | |a CEMS |b BIB. CEMS - 11 de abril |h C863.2 |i Is1-1a2 |p 7589.80 |t Ej.12 | ||
